000 00311nam a22001217a 4500
999 _c534288
_d534288
040 _cMSOHAIL
082 _a891.4391
100 _aAhmed Faraz
_915456
245 _aKhawab e Gul Pareshan Hai / خواب گل پریشان ہے
260 _aLahore
_bDost Publication
_cc2006
300 _a155;p
942 _2ddc
_cBK